00441nam a22001337a 450000500170000000800410001708200210005810000200007924500950009925000090019426000770020330000110028065000160029120231208044047.0231208b |||||||| |||| 00| 0 eng d 222a305.4.bKam. aBhasin, kamala. aFormulating projects with people.cFood and agriculture organization of the united nation. a2nd. aIndia.,bFood and agriculture organization of the united nations,c1985. a32, p. awomen role.